000
00307nam a22001457a 4500
008
230703b ||||| |||| 00| 0 eng d
020
_a
9781111574482
041
_a
eng
080
_2
2E
_a
51
082
_a
51STE
100
_a
23
101
_a
MATE
245
_a
TRIGONOMETRY
_c
STEWART.J
942
_2
udc
_c
BK
999
_c
60071
_d
60071